Aakashakkottaram(ആകാശക്കൊട്ടാരം) (Record no. 115404)

MARC details
000 -LEADER
fixed length control field 00248 a2200097 4500
020 ## - INTERNATIONAL STANDARD BOOK NUMBER
International Standard Book Number 9789391946067
100 ## - MAIN ENTRY--PERSONAL NAME
Personal name Narayan Gangopadhyaya
245 ## - TITLE STATEMENT
Title Aakashakkottaram(ആകാശക്കൊട്ടാരം)
260 ## - PUBLICATION, DISTRIBUTION, ETC. (IMPRINT)
Name of publisher, distributor, etc SPCS
Date of publication, distribution, etc 2021
942 ## - ADDED ENTRY ELEMENTS (KOHA)
Koha item type On order/under processing
Holdings
Withdrawn status Lost status Damaged status Not for loan Home library Current library Date acquired Source of acquisition Cost, normal purchase price Total Checkouts Barcode Date last seen Cost, replacement price Price effective from Koha item type
        University Library University Library 05/03/2026 294 280.01   00097486 05/03/2026 420.00 05/03/2026 On order/under processing
University Library, CUSAT